00318nam a2200121Ia 4500008004100000041000800041082001500049100001600064245004400080260003900124300002400163365000900187240624s9999 xx 000 0 und d aeng a303.48 PAS aPASKAL CLEO aGLOBAL WARRING HOW ENVIRONMENT ECONOMIC c2010aNew YorkbPalgrave Macmillan a280 : p. : cm. ; 24 cb30